000 00413nam a2200181Ia 4500
001 2288
005 20260306144756.0
008 260306t2011||||xx |||||||||||||| ||spa||
041 _aESP
082 _a616.855
_bS69
100 _aSos Abad, Antonio
_eAUT
245 0 _aLogopedia práctica
260 _c2011
300 _a369 páginas :
_c24 cm.
650 _aGEN
654 _aCPS
942 _cLIB
_dJUS
_fJUS
_2ddc
_n
999 _c2288
_d2288